000 00586nam a22001697a 4500
999 _c20290
_d20290
008 240515b ||||| |||| 00| 0 eng d
020 _a9710859269
082 _aDFil 346.015599
_bN72 1997
100 _aNolledo, Jose N.
_957115
245 _aThe family code of the Philippines annotated /
_cJose N. Nolledo.
250 _a1997 revised edition.
260 _aMandaluyong City :
_bNational Book Store,
_c©1997.
300 _axiii, 691 pages :
_billustrations ;
_c22 cm.
500 _aIncludes appendices and index.
650 _aFamily code
_zPhilippines.
_957199
942 _2ddc
_cDFIL